UFC TOP 15 FLYWEIGHT - Statistics

General Stats
  • This quiz has been taken 27 times
  • The average score is 9 of 16
Answer Stats
Hint Answer % Correct
C Alexandre Pantoja
100%
2 Brandon Moreno
94%
1 Joshua Van
89%
3 Brandon Royval
83%
5 Kai Kara-France
78%
7 Manel Kape
72%
15 Kai Asakura
61%
10 Steve Erceg
56%
6 Tatsuro Taira
56%
4 Amir Albazi
50%
11 Tim Elliot
50%
9 Asu Almabayev
33%
8 Alex Perez
28%
14 Bruno Silva
17%
13 Ramazan Temirov
11%
12 Tagir Ulanbekov
11%
No matching quizzes found
Score Distribution
Percent of People with Each Score
Percentile by Number Answered
Your Score History
You have not taken this quiz